000 00646nam a22001817a 4500
003 BUBTL
008 180123b xxu||||| |||| 00| 0 eng d
020 _a984-495-139-9
082 _a891.443 / Iq1a
100 _91779
_aইকবাল, মুহম্মদ জাফর
245 _aআমি তপু /
_cমুহম্মদ জাফর ইকবাল
260 _aঢাকা :
_bপার্ল পাবলিকেশন্স,
_cc2005
300 _a123 p. :
_c21 cm.
650 0 _91687
_aবাংলা সাহিত্য
856 _k0
_l0
_yDownload
942 _2ddc
_cBK
999 _c5669
_d5669